000 02294nam a22001577a 4500
041 _aukr
080 _a09
090 _bКВІ
100 _aКвітовська, Н. І.
245 _aПорівняльний аналіз лексико-стилістичних особливостей у мові персонажів американських телесеріалів "Друзі" та "Як я зустрів вашу маму"
260 _aОстрог
_bКАФ
_c2014
300 _a89
520 _aВступ. Розділ І. Жанрові особливості в кінодискурсі. 1.1. Стилетворчі характеристики кінодискурсу 1.2. Стилістичні особливості кінодискурсу 1.3. Лексичні особливості кінодискурсу Розділ ІІ. Семантичний аналіз лексичних і стилістичних засобів у телесеріалі "Друзі" 2.1. Сленгізми 2.2. Колоквіалізми 2.3. Оказіоналізми 2.4. Терміни 2.5. Епітет 2.6. Іронія 2.7. Номінативне речення 2.8. Повтори 2.9. Еліптичні речення 2.10. Гіпербола 2.11. Інші стилістичні засоби Розділ ІІІ. Семантичний аналіз лексичних і стилістичних засобів у телесеріалі "Як я зустрів вашу маму". 3.1. Сленгізми 3.2. Оказіоналізми 3.3. Запозичення 3.4. Терміни 3.5. Акцентні слова 3.6. Повтори 3.7. Метафора 3.8. Епітети 3.9. Парцеляція 3.10. Інші стилістичні засоби Розділ IV. Порівняльний аналіз лексичних і стилістичних засобів у телесеріалах. 4.1. Порівняння лексичних засобів у телесеріалах 4.2. Порівняння стилістичних засобів у телесеріалах Висновки. Список використаної літератури. Додатки.
_0кінодискурс, телесеріал
650 _aResearch Papers
999 _c285384
_d285384
942 _cBK